Business guide to rubber industry 2001-2002 (Record no. 52695)

MARC details
000 -LEADER
fixed length control field 00406nam a2200133Ia 4500
100 ## - MAIN ENTRY--AUTHOR NAME
Personal name Mohankumar S.
245 #0 - TITLE STATEMENT
Title Business guide to rubber industry 2001-2002
260 ## - PUBLICATION, DISTRIBUTION, ETC. (IMPRINT)
Name of publisher Department of T & TC, Rubber Board, Kottayam, India, 206 p.
Year of publication 2001
650 ## - SUBJECT ADDED ENTRY--TOPICAL TERM
Topical Term Indian rubber industry
650 ## - SUBJECT ADDED ENTRY--TOPICAL TERM
Topical Term Rubber product industry
700 ## - ADDED ENTRY--PERSONAL NAME
Personal name Nair C.N.K.
942 ## - ADDED ENTRY ELEMENTS (KOHA)
Koha item type Bibliography STAF
Holdings
Withdrawn status Lost status Damaged status Not for loan Home library Current library Date acquired Koha item type
      Bibliography RRII Library RRII Library 09/04/2014 Bibliography STAF